| 000 | 00590nam a2200145Ia 4500 | ||
|---|---|---|---|
| 008 | 170221s9999 xx 000 0 und d | ||
| 100 | _aMohammad Abdul Qadir Obeidat | ||
| 245 | 4 | _aThe Role of Project Management Information Systems Towards the Project Performance The Case of Construction Projects in United Arab Emirates | |
| 245 | _cMohammad Abdul Qadir Obeidat, Saeed Hameed Aldulaimi | ||
| 260 | _bInternational Review of Management and Marketing | ||
| 260 | _c2016 | ||
| 300 | _a6 : 3 | ||
| 650 | _xMarketing. | ||
| 856 | _uhttp://www.econjournals.com/index.php/irmm/issue/view/82 | ||
| 999 |
_c308595 _d308595 |
||